| 000 | 00476nam a22001697a 4500 | ||
|---|---|---|---|
| 003 | CEME | ||
| 005 | 20210628210422.0 | ||
| 008 | 210208b xxu||||| |||| 00| 0 eng d | ||
| 040 | _c. | ||
| 082 | _a297.7 ASH | ||
| 100 |
_aMuhammad Ashraf Ali Thanvi Thanvi, Muhammad Ashraf Ali _94443 |
||
| 245 | _aKhutbat-e-hakeem ul umat haqooq-o-fariaz | ||
| 260 |
_aLAHORE _bIDARA TALEEFAT ASHRAF _c1995 |
||
| 300 | _a528P | ||
| 650 |
_aISLAM-HAQOOQ-O-FARIAZ _979326 |
||
| 942 |
_cBK _2ddc |
||
| 999 |
_c584373 _d584373 |
||